Alumnos superdotados y talentosos (Record no. 36658)
[ view plain ]
| 000 -LEADER | |
|---|---|
| fixed length control field | 00904nam a22002057a 4500 |
| 005 - DATE AND TIME OF LATEST TRANSACTION | |
| control field | 20190311102537.0 |
| 008 - FIXED-LENGTH DATA ELEMENTS--GENERAL INFORMATION | |
| fixed length control field | 130408t mx||||| |||| 00| 0 spa d |
| 020 ## - INTERNATIONAL STANDARD BOOK NUMBER | |
| International Standard Book Number | 9707292431 |
| 050 04 - LIBRARY OF CONGRESS CALL NUMBER | |
| Classification number | LC3985.M49 |
| Item number | V35 2012 |
| 100 1# - MAIN ENTRY--PERSONAL NAME | |
| Personal name | Valadez Sierra, María de los Dolores |
| 245 10 - TITLE STATEMENT | |
| Title | Alumnos superdotados y talentosos |
| Remainder of title | : identificación, evaluación e intervención : una perspectiva para docentes |
| Statement of responsibility, etc | / María de los Dolores Valadez Sierra, Julián Betancourt Morejón, María Alicia Zavala Berbena ; editor Santiago Viveros Fuentes |
| 250 ## - EDITION STATEMENT | |
| Edition statement | 2a ed. |
| 260 ## - PUBLICATION, DISTRIBUTION, ETC. (IMPRINT) | |
| Place of publication, distribution, etc | México : |
| Name of publisher, distributor, etc | Manual Moderno, |
| Date of publication, distribution, etc | 2012 |
| 300 ## - PHYSICAL DESCRIPTION | |
| Extent | xviii, 425 p. : |
| Other physical details | il. ; |
| Dimensions | 23 cm. |
| 504 ## - BIBLIOGRAPHY, ETC. NOTE | |
| Bibliography, etc | Incluye bibliografía e índice |
| 650 #7 - SUBJECT ADDED ENTRY--TOPICAL TERM | |
| Source of heading or term | LEMB |
| Topical term or geographic name as entry element | Educación de niños superdotados |
| Geographic subdivision | México |
| 700 1# - ADDED ENTRY--PERSONAL NAME | |
| Personal name | Betancourt Morejón, Julián |
| Relator term | coaut. |
| 700 1# - ADDED ENTRY--PERSONAL NAME | |
| Personal name | Zavala Berbena, María Alicia |
| Relator term | coaut. |
| 700 1# - ADDED ENTRY--PERSONAL NAME | |
| Personal name | Viveros Fuentes, Santiago |
| Relator term | ed. |
| 942 ## - ADDED ENTRY ELEMENTS (KOHA) | |
| Source of classification or shelving scheme | Biblioteca del Cogreso de los Estados Unidos |
| Koha item type | Libro |
| Estado de pérdida | Fuente de clasificación | Estado del daño | No para préstamo | Ubicación permanente | Ubicación actual | Apartado o colección | Fecha de adquisición | Fuente de adquisición | Área del conocimiento | Clasificación | Código de Barras | Date last seen | Número de copia | Tipo de recurso | Enumeración de Serie / Cronológica | Dependencia de educación superior (DES) | Total Checkouts | Date checked out | Edición | Costo por reposición |
|---|---|---|---|---|---|---|---|---|---|---|---|---|---|---|---|---|---|---|---|---|
| Biblioteca del Cogreso de los Estados Unidos | Biblioteca Campus Ciudad Hidalgo | Biblioteca Campus Ciudad Hidalgo | General | 08/04/2013 | LC3985.M49 V35 2012 | BCCH000000582 | 16/01/2015 | 1 | Libro | |||||||||||
| Biblioteca del Cogreso de los Estados Unidos | Biblioteca Campus Ciudad Hidalgo | Biblioteca Campus Ciudad Hidalgo | General | 08/04/2013 | LC3985.M49 V35 2012 | BCCH000000583 | 16/01/2015 | 2 | Libro | |||||||||||
| Biblioteca del Cogreso de los Estados Unidos | Biblioteca de la Facultad de Psicología | Biblioteca de la Facultad de Psicología | General | 02/07/2013 | BF723.G5 V35 2006 | BFP000002836 | 08/07/2016 | 1 | Libro | BFP000002836 | 7 | 06/07/2016 | ||||||||
| Biblioteca del Cogreso de los Estados Unidos | Biblioteca de la Facultad de Psicología | Biblioteca de la Facultad de Psicología | General | 27/02/2019 | Ciencias de la Salud | BF723.G5 V35 2006 | BFP000012500 | 27/02/2019 | 2 | Libro | Ciencias de la Salud | 1a. | ||||||||
| Biblioteca del Cogreso de los Estados Unidos | Biblioteca de la Facultad de Psicología | Biblioteca de la Facultad de Psicología | General | 03/05/2024 | Ciencias de la Salud | BF723.G5 V35 2012 | BFP000013080 | 03/05/2024 | 3 | Libro | 2a. ed. | 1.00 |